000 00403nam a2200169Ia 4500
003 LK-CoDNM
008 010623t1916 xxu||||| |||| 00| 1 eng d
040 _aLK-CoDNM
_dLK-CoDNM
_eLK-CoDNM
041 _aeng
080 _a50
_bD9
100 _aCorea,C.E.
245 _aCeylon Communal Rights
260 _bPearl Press
_aDehiwala
_c1916
300 _b38p., 21 cm
650 _aHuman Rights
942 _cBK
999 _c88688
_d88688